| 000 | 00682nam a2200229Ia 4500 | ||
|---|---|---|---|
| 003 | GCL | ||
| 008 | 140319s9999 xx 000 0 ara d | ||
| 040 |
_aGCL / _cGCL |
||
| 082 | 0 | 4 |
_a320.5 _bع ع |
| 100 | 1 | _aعبدالله العروى | |
| 245 | 1 | 0 |
_aالعرب والفكر التاريخى / _cعبدالله العروى |
| 260 |
_a[S.N] : _bالمركز الثقافى العربى ، _c1992 |
||
| 490 | _a | ||
| 650 | 0 | 4 | _aالعالم العربى |
| 650 | 0 | 4 | _aفلسفة |
| 650 | 0 | 4 | _aالسياسة |
| 650 | 0 | 4 | _aالعرب |
| 650 | 0 | 4 | _aالتاريخ |
| 650 | 0 | 4 | _aالنظم السياسية |
| 650 | 0 | 4 | _aالمذاهب السياسية |
| 942 |
_2ddc _cBK |
||
| 999 |
_c35718 _d35718 |
||